00373nam a2200133Ia 45000010005000000080041000050820020000461000061000662450046001272600017001735900007001909010027001979990015002242889241024s9999 xx 000 0 und d aRD/370.71/R426f aRepública Dominicana.Ministerio de Educación MINERD. 0aFormación de maestros y carrera docente bMINERDc2013 asi a12/6/2013 2:17:57 p.m. c9219d9219